000 00305nam a2200109 4500
999 _c8521
_d8521
008 180209b xxu||||| |||| 00| 0 eng d
245 _aObey the anti-smoking law and reap the benefits.
260 _aPhilippines:
_bManila Bulletin,
_cc2017.
300 _apage C-2.
650 0 _937102
_aLaw.
942 _2ddc
_cPER